| 000 | 00389nam a2200157Ia 4500 | ||
|---|---|---|---|
| 008 | 221030s9999 xx 000 0 und d | ||
| 020 | _a8120314417 | ||
| 041 | _aEnglish | ||
| 082 |
_a105.23 _bNar |
||
| 100 | _aR. Narayanaswamy | ||
| 245 | 0 | _aFinancial Accounting : A Managerial Perspective | |
| 260 |
_bPHI _aNew Delhi _c2001 |
||
| 300 | _a564 | ||
| 650 | _aMCA Management | ||
| 942 | _cBK | ||
| 999 |
_c1254 _d1254 |
||